Guess the Arctic Monkeys song with no hints #1 - Statistics

General Stats
  • This quiz has been taken 61 times
  • The average score is 52 of 134
Answer Stats
Answer % Correct
the
89%
you
87%
me
75%
When
73%
when
73%
on
69%
to
69%
your
65%
an
64%
She
64%
and
60%
of
60%
it
58%
my
56%
is
55%
In
51%
what
49%
you're
49%
as
45%
for
45%
this
44%
if
42%
up
42%
her
40%
Her
40%
night
38%
does
35%
She's
35%
she's
35%
been
31%
day
31%
Lying
31%
mind
31%
thunderstorms
31%
try
31%
feeling
29%
fire
29%
against
27%
around
27%
front,
27%
front
27%
place,
27%
Here
25%
I've
25%
kind
25%
quiet
25%
should
25%
wall
25%
Acrobatic
24%
away
24%
boots
24%
Cheating
24%
foolish,
24%
give
24%
heartbeat,
24%
heartbeat
24%
loop
24%
looping
24%
peace
24%
sounds
24%
came
22%
far
22%
motorcycle
22%
rapid
22%
substituted
22%
close
20%
concertina
20%
flow
20%
growing
20%
heat
20%
host,
20%
pretty
20%
starts
20%
blood,
18%
blood
18%
horns
18%
unusual
18%
ride
0%
No matching quizzes found
Score Distribution
Percent of People with Each Score
Percentile by Number Answered
Your Score History
You have not taken this quiz